| 000 | 00686nam a2200229 4500 | ||
|---|---|---|---|
| 001 | 4222 | ||
| 005 | 20181127172911.0 | ||
| 020 | 0 | 0 | _a9780141346458 |
| 090 | 0 | 0 | _aFIC R6287c |
| 100 | 0 | 0 | _aDahl, Roald. |
| 245 | 0 | 0 |
_aCharlie and the chocolate factory : _b _cRoald Dahl and Illustrated by Quentin Blake. _h |
| 260 | 0 | 0 |
_aLondon : _bPuffin, _c2014. |
| 300 | 0 | 0 | _a179 p. ; 22 cm. |
| 500 | 0 | 0 | _a |
| 650 |
_aBucket, Charlie (Fictitious character). _v _x _y _z _2 |
||
| 650 |
_aChildren. _v _x _y _z _2 |
||
| 650 |
_aFantasy fiction. _v _x _y _z _2 |
||
| 650 |
_aWonka, Willy (Fictitious character). _v _x _y _z _2 |
||
| 650 | 0 | 0 |
_aChocolate. _x |
| 650 | 0 | 0 |
_aConduct of life. _x |
| 650 | 0 | 0 |
_aHumorous stories. _x |
| 999 |
_c3472 _d3472 |
||